| 000 | 00536nam a2200193 a 4500 | ||
|---|---|---|---|
| 005 | 20230921063655.0 | ||
| 008 | 991125s1975 med 000 0 aps u | ||
| 035 | _aUPN01000021037 | ||
| 049 | _aCG | ||
| 050 | 4 |
_aPQ8179 E8 _bE8.5 |
|
| 100 | 1 | _aEspinel, Jaime | |
| 245 | 1 | 0 |
_aEsta y mis otras muertes / _cJaime Espinel |
| 260 |
_aMedellín (Col.) : _bUniversidad de Antioquía, _c1975 |
||
| 300 | _a82 p | ||
| 440 | 0 |
_aExtensión cultural; _vv. 1 |
|
| 650 | 4 |
_aLiteratura colombiana _912879 |
|
| 904 |
_aAC _b021038 |
||
| 905 | _aLibro | ||
| 999 |
_c21037 _d21037 |
||